Berlin Richtig oder Falsch - Statistiken

Allgemein
  • Dieses Quiz wurde 317 mal gespielt
  • Das Durchschnittsergebnis liegt bei 11 aus 14
Antwortstatistiken
Frage Antwort % Korrekt
Berlin ist die Hauptstadt Deutschlands. Richtig
99%
Die Berliner Mauer fiel im Jahr 1989. Richtig
96%
Berlin ist die größte Stadt Europas. Falsch
95%
Berlin hat mehr als 3 Millionen Einwohner. Richtig
95%
Die Spree ist ein Nebenfluss des Rheins. Falsch
89%
Das Schloss Charlottenburg ist der Sitz des Bundespräsidenten. Falsch
81%
In Berlin entstand der erste Döner. Richtig
80%
Berlin hat nur ein Opernhaus. Falsch
73%
Berlin hat das größte Straßenbahnnetz Deutschlands. Richtig
71%
Der Berliner Fernsehturm ist das höchste Bauwerk Deutschlands. Richtig
68%
Die Siegessäule steht im Tiergarten. Richtig
68%
Der Bezirk „Marzahn-Hellersdorf“ ist der bevölkerungsniedrigste Stadtbezirk Berlins. Falsch
67%
Berlin hat mehr Brücken als Venedig. Richtig
44%
Das Unternehmen des Krankenhauses Charité ist das Unternehmen mit den meisten Beschäftigten in Berlin (2020). Falsch
28%
Keine übereinstimmenden Quizze gefunden
Verteilung der Resultate
Anzahl Personen mit jedem Resultat
Perzentil nach korrekt beantworteten Fragen
Ihre Resultats-Entwicklung
Sie haben dieses Quiz noch nicht gespielt